000
00257nam a22001097a 4500
082
_a
333
100
_a
Vision,IAS
_9
81515
245
_a
General Studies Notes Enviroment -1 06/22
260
_a
Delhi
_b
Vision,IAS
_c
2022
650
_a
Environment
942
_c
BK
999
_c
65555
_d
65555